<?xml version="1.0" encoding="UTF-8"?>
<marc:record xmlns:marc="http://www.loc.gov/MARC21/slim">
   <marc:leader>00000nam a2200000 a 4500</marc:leader>
   <marc:datafield ind1="1" ind2=" " tag="100">
      <marc:subfield code="a">Zischke, Vera</marc:subfield>
      <marc:subfield code="4">aut</marc:subfield>
      <marc:subfield code="e">Verfasser/-in</marc:subfield>
   </marc:datafield>
   <marc:datafield ind1="0" ind2="0" tag="245">
      <marc:subfield code="a">Ava liebt noch</marc:subfield>
   </marc:datafield>
   <marc:datafield ind1="0" ind2="0" tag="245">
      <marc:subfield code="b">Roman</marc:subfield>
   </marc:datafield>
   <marc:datafield ind1="0" ind2="0" tag="245">
      <marc:subfield code="c">Vera Zischke</marc:subfield>
   </marc:datafield>
   <marc:datafield ind1=" " ind2="1" tag="264">
      <marc:subfield code="a">Berlin</marc:subfield>
      <marc:subfield code="b">Ullstein</marc:subfield>
      <marc:subfield code="c">2025</marc:subfield>
   </marc:datafield>
   <marc:datafield ind1=" " ind2=" " tag="250">
      <marc:subfield code="a">4. Auflage</marc:subfield>
   </marc:datafield>
   <marc:datafield ind1="1" ind2=" " tag="520">
      <marc:subfield code="a">Mutter werden und Frau bleiben. Über den Spruch kann Ava nur lachen. Ihr Leben wird schon seit Jahren komplett von der Familie bestimmt. Jetzt ist sie dreiundvierzig, das erste ihrer drei Kinder kommt in die Pubertät und ihr Mann macht Karriere. Und Ava? Funktioniert wie auf Autopilot. Als sie den neunzehn Jahre jüngeren Kieran kennenlernt, stürzt sie sich gegen alle Vernunft in eine Affäre. Zum ersten Mal seit langer Zeit erkennt sie die Frau wieder, die sie einmal war. Aber die heile Familie für ihr eigenes Glück opfern? Die Kinder dem Tratsch in der Kleinstadt aussetzen? Das kann Ava nicht. Und doch, die Liebe zu Kieran ist echt und die Sehnsucht nach Freiheit immer noch da.</marc:subfield>
   </marc:datafield>
   <marc:datafield ind1=" " ind2=" " tag="020">
      <marc:subfield code="a">9783471360781</marc:subfield>
      <marc:subfield code="9">9783471360781</marc:subfield>
   </marc:datafield>
   <marc:datafield ind1=" " ind2=" " tag="020">
      <marc:subfield code="a">3471360786</marc:subfield>
      <marc:subfield code="9">3471360786</marc:subfield>
   </marc:datafield>
   <marc:datafield ind1=" " ind2=" " tag="300">
      <marc:subfield code="a">302 S.</marc:subfield>
   </marc:datafield>
</marc:record>
